000 00721nam a2200229Ia 4500
003 OSt
005 20220926034315.0
006 a|||||r|||| 00| 0
007 ta
008 220923b |||||||| |||| 00| 0 eng d
020 _a1589065190
037 _cGeneral Book
040 _aRTL
_cRTL
_beng
041 _2eng
_aeng
082 _aX62:75.410k2.P, P6
100 _aAziz Jahangir and others Ed.
_9340350
245 0 _aChina and India
_b Learning from each other Reforms and policies for sustained growth
260 _aWashington
_bI M F Publication
_c2006
300 _axv, 281p
_ccm.
942 _hX62:75.410k2.P, P6
_cGB
_2CC
999 _c659160
_d659160